|
|
|
|
| LEADER |
00821nam a22002172a 4500 |
| 001 |
000109461 |
| 003 |
CZ BrMZK |
| 005 |
20110923085309.0 |
| 007 |
ta |
| 008 |
020715s1980 xo slo d |
| 035 |
|
|
|a (OCoLC)42155177
|
| 040 |
|
|
|a BOA001
|b cze
|d BOA001
|
| 080 |
9 |
|
|a 911.3:656.2(075.3):377.5:656
|
| 100 |
1 |
|
|a Skrbek, Kamil,
|d 1913-
|7 jk01111609
|4 aut
|
| 245 |
1 |
0 |
|a Železničný zemepis :
|b učebný text pre 1. ročník študijných odborov 37-43-6, 37-47-6 a 2. ročník odboru 37-42-7 stredných priemyselných škôl dopravných /
|c Kamil Skrbek
|
| 260 |
|
|
|a Praha :
|b Nakladatelství dopravy a spojů,
|c [1980]
|
| 300 |
|
|
|a 151 s. +
|e 3 příl.
|
| 910 |
|
|
|a BOA001
|b 2-0822.495
|
| 990 |
|
|
|a BK
|
| 991 |
|
|
|b 201106
|
| 996 |
7 |
|
|b 2619792489
|c 2-0822.495
|l MZK
|r Sklad / do 1 hodiny
|n 2
|w 000109461
|u 000010
|a 1
|e BOA001
|j MZK50
|s A
|